Biggest Countries in Eastern Africa - Sudden Death - Statistics

General Stats
  • This quiz has been taken 38 times
  • The average score is 8 of 11
Answers on the Grid
Answers color-coded by a green-red scale on the quiz's grid according to % correct below.
Uganda
Tanzania
Comoros
Mauritius
Ethiopia
Zambia
Djibouti
Somalia
South Sudan
Malawi
Rwanda
Kenya
Seychelles
Burundi
Madagascar
Zimbabwe
Eritrea
Mozambique
 
Answer Stats
Answer % Correct
Ethiopia
100%
South Sudan
100%
Kenya
80%
Somalia
80%
Madagascar
60%
Mozambique
60%
Tanzania
60%
Uganda
60%
Zambia
60%
Zimbabwe
60%
Malawi
40%
No matching quizzes found
Score Distribution
Percent of People with Each Score
Percentile by Number Answered
Your Score History
You have not taken this quiz